Применения координированного светофорного регулирования; Современные техника и технологии; Т. 2

Detalhes bibliográficos
Parent link:Современные техника и технологии: сборник трудов XV Международной научно-практической конференции студентов, аспирантов и молодых ученых, Томск, 4-8 мая 2009 г/ Национальный исследовательский Томский политехнический университет (ТПУ).— , 2009
Т. 2.— 2009.— [С. 168-170]
Autor principal: Беляев Р. В.
Outros Autores: Змазнева Е. А. (научный руководитель), Корсун Н. В., Косолапов А. В.
Resumo:Заглавие с титульного листа
Электронная версия печатной публикации
Idioma:russo
Publicado em: 2009
Assuntos:
Acesso em linha:http://www.lib.tpu.ru/fulltext/c/2009/C01/V2/085.pdf
Formato: Recurso Electrónico Capítulo de Livro
KOHA link:https://koha.lib.tpu.ru/cgi-bin/koha/opac-detail.pl?biblionumber=245951

MARC

LEADER 00000naa2a2200000 4500
001 245951
005 20260114164952.0
035 |a (RuTPU)RU\TPU\book\267389 
035 |a RU\TPU\book\267384 
090 |a 245951 
100 |a 20131121d2009 k y0rusy50 ca 
101 0 |a rus 
102 |a RU 
135 |a drnn ---uucaa 
181 0 |a i  
182 0 |a b 
200 1 |a Применения координированного светофорного регулирования  |f Р. В. Беляев, Е. А. Змазнева, Н. В. Корсун  |g науч. рук. А. В. Косолапов 
203 |a Текст  |c электронный 
215 |a 1 файл (746 Кб) 
300 |a Заглавие с титульного листа 
300 |a Электронная версия печатной публикации 
337 |a Adobe Reader 
461 0 |0 (RuTPU)RU\TPU\book\261117  |t Современные техника и технологии  |o сборник трудов XV Международной научно-практической конференции студентов, аспирантов и молодых ученых, Томск, 4-8 мая 2009 г  |o в 3 т.  |f Национальный исследовательский Томский политехнический университет (ТПУ)  |d 2009 
463 0 |0 (RuTPU)RU\TPU\book\266450  |t Т. 2  |v [С. 168-170]  |d 2009 
610 1 |a электронный ресурс 
610 1 |a светофоры 
610 1 |a управление 
610 1 |a регулирование 
610 1 |a автомобильный транспорт 
610 1 |a скорости 
610 1 |a измерения 
610 1 |a метод плавающего автомобиля 
700 1 |a Беляев  |b Р. В. 
701 1 |a Змазнева  |b Е. А. 
701 1 |a Корсун  |b Н. В. 
702 1 |a Косолапов  |b А. В.  |4 727 
801 1 |a RU  |b 63413507  |c 20130617 
801 2 |a RU  |b 63413507  |c 20131122  |g RCR 
856 4 |u http://www.lib.tpu.ru/fulltext/c/2009/C01/V2/085.pdf 
942 |c CF